Extent of bullying among Grade 6 and Grade 7 Pupils of Laboratory Grade School in University of Rizal System Tanay S.Y. 2013-2014 / (Record no. 16947)

MARC details
000 -LEADER
fixed length control field 01036nam a22002657i 4500
003 - CONTROL NUMBER IDENTIFIER
control field URS
005 - DATE AND TIME OF LATEST TRANSACTION
control field 20220117151142.0
008 - FIXED-LENGTH DATA ELEMENTS--GENERAL INFORMATION
fixed length control field 180108b xxu||||| |||| 00| 0 eng d
050 14 - LIBRARY OF CONGRESS CALL NUMBER
Classification number LB 3013.34.P6
Item number M2651 2013
100 1# - MAIN ENTRY--PERSONAL NAME
Personal name Madiam, Marielee P,
Relator term author
245 10 - TITLE STATEMENT
Title Extent of bullying among Grade 6 and Grade 7 Pupils of Laboratory Grade School in University of Rizal System Tanay S.Y. 2013-2014 /
Statement of responsibility, etc. Marielee P. Madiam, Ryan Fernandez Isaga.
260 #1 - PUBLICATION, DISTRIBUTION, ETC.
Date of publication, distribution, etc. 2013.
300 ## - PHYSICAL DESCRIPTION
Extent xv, 83 leaves ;
Other physical details illustrations (some colour)
Dimensions 28 cm
336 ## - CONTENT TYPE
Source rdacontent
Content type term text
336 ## - CONTENT TYPE
Source rdacontent
Content type term still image
337 ## - MEDIA TYPE
Source rdamedia
Media type term unmediated
338 ## - CARRIER TYPE
Source rdacarrier
Carrier type term volume
502 ## - DISSERTATION NOTE
Dissertation note Thesis
Degree type Bachelor of Science in Psychology
Name of granting institution University of Rizal System
Year degree granted 2013
504 ## - BIBLIOGRAPHY, ETC. NOTE
Bibliography, etc. note Include bibliographical references.
610 24 - SUBJECT ADDED ENTRY--CORPORATE NAME
Corporate name or jurisdiction name as entry element University of Rizal System
Subordinate unit Tanay Campus
General subdivision Students
650 #0 - SUBJECT ADDED ENTRY--TOPICAL TERM
Topical term or geographic name entry element Bullying in schools
700 1# - ADDED ENTRY--PERSONAL NAME
Personal name Isaga, Ryan Fernandez
Relator term author
700 1# - ADDED ENTRY--PERSONAL NAME
Personal name Gran, Esperanza V.
Relator term degree supervisor
942 ## - ADDED ENTRY ELEMENTS (KOHA)
Source of classification or shelving scheme Library of Congress Classification
Koha item type Theses and dissertations
Holdings
Withdrawn status Source of classification or shelving scheme Damaged status Not for loan Collection code Home library Current library Shelving location Date acquired Total Checkouts Full call number Barcode Date last seen Price effective from Koha item type
  Library of Congress Classification     Non-fiction Tanay College Library Tanay College Library General Stacks 01/08/2018   LB 3013.34.P6 M2651 2013 URSTAN-UGT2805 07/06/2023 01/08/2018 Theses and dissertations

University of Rizal System
Email us at univlibservices@urs.edu.ph

Visit our Website www.urs.edu.ph/library